Porovnanie dôchodkového zabezpečenia v krajinách Vyšehradskej štvorky bakalárska práca

Gespeichert in:
Bibliographische Detailangaben
1. Verfasser: Jurkovičová, Kristína
Körperschaft: Národohospodárska fakulta EU. Katedra poisťovníctva
Weitere Verfasser: Gogola, Erik, 1993-
Format: Buch
Sprache:Slowakisch
Veröffentlicht: Bratislava 2023
Tags: Tag hinzufügen
Keine Tags, Fügen Sie das erste Tag hinzu!

MARC

LEADER 00000nbm a2200000 4500
001 0294638
005 20231113102259.7
041 0 |a slo 
044 |a SK 
245 1 0 |a Porovnanie dôchodkového zabezpečenia v krajinách Vyšehradskej štvorky  |b bakalárska práca  |c Kristína Jurkovičová ; školiteľ: Erik Gogola 
264 1 |a Bratislava  |c 2023 
300 |a 54 s. 
100 1 |a Jurkovičová, Kristína 
700 1 |a Gogola, Erik, 1993- 
710 2 |a Národohospodárska fakulta EU. Katedra poisťovníctva